| 000 | 00752nas a2200241 4500 | ||
|---|---|---|---|
| 001 | BR0810228 | ||
| 003 | BR-BrBNA | ||
| 005 | 20231205112934.0 | ||
| 007 | ta | ||
| 008 | 230509b bl.|||p| |||| 00| 00por d | ||
| 040 |
_aBR-BrBNA _bpor _cBiblioteca Nacional de Agricultura |
||
| 041 | _a(Pt) | ||
| 072 | _aF02; K10 | ||
| 100 | 1 | _aPacheco, J.P. | |
| 100 | 1 | _aFranco, E.T.H. | |
| 245 | 1 | _aSubstratos e estacas com e sem folhas no enraizamento de Luehea divaricata Mart. | |
| 650 | _aPROPAGAÇÃO VEGETATIVA | ||
| 650 | _aESSÊNCIA FLORESTAL | ||
| 650 | _aLUCHEA DIVARICATA | ||
| 773 | 0 |
_tCiência Rural (Brazil) _xISSN 0103-8478 _g(Oct 208), v. 38(7) p. 1900-1906 _wBR0810228 |
|
| 909 |
_a202311 _bLúcia _c55 _dLúcia Elande |
||
| 942 |
_2AGRIS _n0 _cANA |
||
| 999 |
_c200903 _d200903 |
||